International Commercial Law - Random Test Questions - Statistics

General Stats
  • This quiz has been taken 45 times
    42 since last reset
  • The average score is 5 of 10
Answer Stats
Question Answer % Correct
A Canadian investor, Jane, has invested in renewable energy projects in a developing country, EcoLand. The government enacts new regulations that limit carbon emissions, affecting her business. Jane is considering filing for ISDS. What is the main concern Jane might face? All of the above.
100%
A dispute arises between a Russian shipping company and a Turkish charterer over a shipping agreement. The arbitration clause in the contract states that disputes must be resolved in Stockholm. The Turkish company challenges the tribunal’s jurisdiction, arguing that the arbitration clause does not apply. Which principle gives the arbitrators the authority to decide whether they have jurisdiction to hear the dispute? Competence-competence
100%
During arbitration, a respondent refuses to submit evidence. What is the correct approach of the tribunal? Continue proceedings, considering the evidence presented by the claimant.
100%
An investor believes an arbitrator in their ISDS case has a conflict of interest due to previous work with an opposing party. What reform could address this concern? Ensuring arbitrators disclose any potential conflicts of interest.
100%
A Canadian investor invested in a factory in country W. The government of W later nationalized the factory, arguing that it was in the public interest. The investor was compensated at a value far below market rates. Which principle under ISDS is the investor most likely to invoke in their claim? Expropriation with inadequate compensation
100%
In an ICC arbitration, the tribunal issues an award, but the losing party claims that the tribunal exceeded its authority by ruling on matters outside the arbitration agreement. Under ICC arbitration rules, what is the next step the losing party can take? File an application for annulment of the award in the courts of the seat of arbitration.
100%
Which of the following best describes the main principle of the Calvo Doctrine? Foreign investors must rely on the local legal system of the host state for resolving disputes and cannot seek international intervention or diplomatic protection.
100%
A local activist in AquaLand raises concerns that ISDS cases are not open to public scrutiny. What primary issue does this raise? Lack of transparency in the ISDS process.
100%
A software company enters into a contract to deliver a custom software application by a set deadline. The contract states that for each day of late delivery, the software company will pay a fixed amount of £10,000, which is significantly higher than the estimated loss the client would suffer. What type of clause is this? Penalty clause
100%
What was the primary legal outcome of the Milieudefensie v. Royal Dutch Shell case in the Hague District Court in 2021? Royal Dutch Shell was ordered to reduce CO2 emissions by net 45% by 2030, compared to 2019 levels
100%
A U.S. company and an Indian company include an arbitration clause in their contract that designates the Singapore International Arbitration Centre (SIAC) to resolve disputes. However, when a dispute arises, the U.S. company argues that the arbitration should be conducted under U.S. law rather than SIAC rules. Which statement is correct regarding the role of SIAC in this dispute? SIAC only administers the arbitration and does not determine the governing law unless explicitly stated in the contract.
100%
A retailer signs a contract with a clothing supplier for monthly deliveries. The contract states that if the supplier fails to meet delivery deadlines for three consecutive months, the retailer has the right to end the agreement without penalty. What type of clause is this? Termination clause
100%
An investor from a different EU member state challenges an EU country regarding new environmental regulations based on a bilateral investment treaty. Which ruling would likely support the state’s argument against the ISDS claim? The Achmea case
100%
A German company providing financial services wishes to operate in Italy and France. If the EU adopts a harmonized approach to financial regulation, how should the company handle compliance? The company must adhere to the same financial regulations across all three countries, as Harmonization requires uniform rules.
100%
A Danish company specializing in consumer electronics wants to sell its products in Spain. Under the Mutual Recognition model, how should the company approach regulatory compliance in Spain? The company needs to follow only Danish regulatory standards, as these will be recognized across Spain.
100%
On what basis did the Hague District Court impose the CO2 reduction obligation on Royal Dutch Shell in the Milieudefensie v. Royal Dutch Shell case? The court found that Shell’s current corporate policy was not aligned with its duty of care to mitigate climate change impacts.
100%
A German company challenges an arbitral award in Germany due to a procedural defect. What is the most likely jurisdiction for handling this challenge? The court where the arbitration was conducted (arbitral seat).
100%
An Italian energy company entered into a joint venture with the government of country Z to build a solar power plant. However, due to political changes, country Z canceled the contract without compensation. Which source of law would the company most likely rely on to bring an ISDS claim? The Energy Charter Treaty (ECT)
100%
What key international climate agreement did the Hague District Court cite in its decision to impose CO2 reduction obligations on Royal Dutch Shell in the Milieudefensie v. Royal Dutch Shell case? The Paris Agreement.
100%
Foreign nationals file a lawsuit in a U.S. court against a multinational mining corporation, seeking damages for environmental harm caused by a spill at a mining site located outside the U.S. The court dismisses the case, stating that the damages occurred entirely abroad and lack a sufficient connection to the U.S. for the case to proceed. What legal doctrine did the court likely apply? The presumption against extraterritoriality.
100%
GlobalBank introduces an AI-driven credit scoring system that makes automated decisions on loan approvals. An applicant who was denied a loan requests more information about how the decision was made and asks for the decision to be reviewed by a human. Which of the following rights under GDPR applies to this situation? The right not to be subject to a decision based solely on automated processing, allowing the applicant to request human intervention.
100%
During an arbitration administered by the International Centre for Settlement of Investment Disputes (ICSID), the respondent state challenges the arbitral tribunal’s jurisdiction. Which of the following statements best describes ICSID’s approach to handling this jurisdictional challenge? The tribunal must rule on its own jurisdiction in accordance with the principle of Kompetenz-Kompetenz.
100%
The arbitration tribunal in a dispute between an oil company and a government issues a “partial award.” What does this typically mean? The tribunal ruled only on the issue of liability, not damages.
100%
A foreign investor has chosen ICSID as the forum for resolving a dispute with the government of country M. If country M refuses to comply with the final arbitration award, what is the investor’s best course of action to ensure enforcement? Use ICSID’s enforcement mechanism, which is valid in over 160 countries
100%
FinData, a fintech company, develops an AI-driven credit scoring tool. The system processes vast amounts of customer data, including personal financial histories, to generate accurate predictions. However, the company faces challenges complying with the GDPR’s principle of data minimization, as the AI requires large datasets to function effectively. Which of the following strategies can FinData employ to ensure GDPR compliance while still leveraging AI? Use pseudonymization techniques to anonymize personal data while retaining its usefulness for AI processing.
100%
In the Vedanta Resources v Lungowe case, what did the claimants allege against Vedanta Resources PLC? Vedanta exercised a high level of control over KCM’s mining operations and environmental practices.
100%
A company based in Sweden initiates arbitration against its partner in Brazil under UNCITRAL rules. When does the arbitration officially start? When the claimant files a notice of arbitration.
100%
A Spanish wine producer, VinoEspaña, sells wine to a U.S. distributor, WineWorld, headquartered in California. WineWorld markets and sells VinoEspaña’s products throughout the U.S. When a U.S. customer in Oregon becomes ill after consuming a contaminated bottle of VinoEspaña wine, they sue both WineWorld and VinoEspaña in an Oregon court. VinoEspaña argues that it never directly sold wine to Oregon and only dealt with WineWorld in California. What is the most relevant factor in determining whether the Oregon court can assert jurisdiction over VinoEspaña? Whether VinoEspaña purposefully availed itself of the U.S. market through its relationship with WineWorld.
100%
An American manufacturing company enters into a contract with a French supplier. Their contract contains an arbitration clause stating that disputes must be resolved under the ICC 4 arbitration rules. The French supplier later breaches the contract, and the American company wins an arbitral award. The supplier, however, refuses to comply. What international convention would help the American company enforce the arbitral award in France? The New York Convention
75%
A foreign pharmaceutical company challenges new regulations in HealthLand that require drug price controls. The government argues these regulations are essential for public health. How can HealthLand strengthen its defense? By demonstrating that the regulations benefit public health.
67%
In an arbitration case under ICC rules, both parties agree to consolidation. What key factor makes consolidation possible? It requires all parties’ consent.
67%
A Canadian company and a Japanese company include a clause in their contract stating, “Any dispute arising out of this contract may be resolved in the courts of Tokyo, but either party may also pursue other jurisdictions.” Later, the Canadian company files a lawsuit in the U.S. 2 What kind of forum selection clause does this contract contain? Non-exclusive forum selection clause
67%
A group of foreign bondholders sues country T for failing to pay its sovereign debt. Country T argues that the bonds do not qualify as an “investment” under ISDS. Which test might the bondholders invoke to prove their investment qualifies as protected under ISDS? Salini test
67%
An Irish company wants to sell its pharmaceuticals in Portugal. Under the Mutual Recognition model, what regulatory approach should the company take? The company needs to adhere only to Irish regulations, as these will be recognized across Portugal.
67%
A foreign investor from Country A owns a mining operation in Country B. Due to political unrest, Country B’s government seizes the mining operation without offering immediate compensation. Later, the government proposes to compensate the investor in local currency over the course of 20 years, but the total compensation is well below the market value of the mine. The investor brings a claim under a Bilateral Investment Treaty (BIT) between Country A and Country B. If the investor wanted to make a Hull Principle-type argument, what would be their most likely claim? The compensation offered by Country B violates the Hull Principle because it is neither prompt nor adequate.
67%
A telecom company from country A enters into a contract with country B to expand its mobile network. The contract includes an arbitration clause specifying ad hoc arbitration under UNCITRAL rules. Which of the following is a potential challenge with ad hoc arbitration? The parties must manage the entire process, including selecting arbitrators and procedural rules, without institutional support
67%
Anna, a resident of New York, buys expensive jewelry from Xavier, a resident of France, through an online auction. The auction website is based in France, and all payments are processed through a French bank. Anna receives the jewelry but claims it is defective and files a lawsuit against Xavier in a New York court. Xavier was never personally served in the U.S., and the only notice he received was through an email. What is the strongest argument Xavier can make to challenge the New York court’s jurisdiction over him? Xavier was not physically present in New York, and personal service was not properly executed.
67%
A Chinese technology firm enters a joint venture with an American software developer to produce a new app. The contract specifies that both parties must contribute equal resources and share intellectual property equally. However, midway through the project, the Chinese firm begins to invest significantly more than its American counterpart, who claims financial difficulties. The Chinese firm demands renegotiation or the right to terminate the joint venture. What legal option could the Chinese firm pursue in this situation? Breach of contract claim
50%
The EU enacts a new regulation to standardize product safety across all Member States, including Sweden. How does this approach impact businesses operating in Sweden? Businesses are required to comply with the new uniform EU product safety rules, simplifying compliance across Sweden and other Member States.
50%
A global fast-food chain challenges a new regulation in a developing country aimed at reducing unhealthy eating. How might the government justify the regulation in ISDS proceedings? By arguing it promotes public health and welfare.
50%
A U.S. investor claims that country R introduced discriminatory regulations that unfairly target their tech company, making it impossible for them to operate in the market. The investor believes the state violated their treaty protections. Which ISDS principle would be most relevant in this case? Fair and equitable treatment (FET)
50%
A company from country N has discovered that the state where they invested in an infrastructure project gave better terms to a competitor from country O, even though both were operating under similar conditions. Which ISDS principle could the company invoke? Most-favored-nation treatment
50%
A South African firm and an Australian company sign a contract to arbitrate any disputes under LCIA rules with the seat of arbitration in Singapore. The South African firm alleges that the Australian company misrepresented key facts in the contract negotiations and seeks to void the contract entirely. Which doctrine allows the arbitration tribunal to continue hearing the dispute about the alleged misrepresentation even though the main contract may be void? Separability
50%
In the Milieudefensie v. Royal Dutch Shell case, the court’s decision emphasized the need for Shell to act in line with scientific findings on climate change. Which of the following was a key consideration? Shell’s emissions policies should be in line with the goals to limit global temperature rise to well below 2°C, preferably 1.5°C, as per the Paris Agreement.
50%
What was a significant reason the Hague District Court ruled against Royal Dutch Shell in this Milieudefensie v. Royal Dutch Shell case? Shell’s existing climate policies were deemed insufficient to meet the targets set by the Paris Agreement.
50%
A Chinese manufacturer enters into a contract with a Canadian buyer. The contract specifies that disputes will be resolved under New York law, and the parties agree to arbitrate in Singapore under the Arbitration Rules (“Rules”) of the International Chamber of Commerce (“ICC”). According to Article 1(1) of the ICC Rules, the International Court of Arbitration (the “Court”) of ICC is the independent arbitration body of ICC. Both, the ICC and the Court are headquartered in Paris. A dispute arises when the buyer refuses to pay for defective goods. Where will the arbitration take place? Singapore
50%
An EU member state introduces a new tax on sugary drinks to reduce health issues. A multinational beverage company files an ISDS claim against the state. What could be a valid argument for the state to defend its tax? The tax is necessary for public health initiatives.
50%
In Vedanta Resources v Lungowe, how did the UK Supreme Court describe Vedanta’s role in relation to the environmental harm caused by KCM? Vedanta exercised supervision and control over KCM’s environmental and health standards.
50%
MotoCorp, a Japanese motorcycle parts manufacturer, sells its products to FastCycles, a U.S.-based distributor in California. FastCycles incorporates MotoCorp’s parts into motorcycles that are sold throughout the U.S., including Texas. MotoCorp provides FastCycles with specific instructions to distribute its products in key U.S. markets, including Texas. A motorcyclist in Texas is injured due to a defective part and sues MotoCorp in a Texas court. MotoCorp argues it has no presence in Texas and only sold its parts to FastCycles in California. What factor will most likely determine whether the Texas court has personal jurisdiction over MotoCorp? Whether MotoCorp’s parts reached Texas customers through the stream of commerce, and MotoCorp took additional actions purposefully directing its products toward Texas by instructing its distributor to target the Texas market.
50%
An energy company is accused of complicity in labor rights violations in a foreign country where it operates. Local workers sue the company in a U.S. court under a statute allowing foreign citizens to bring claims for international law violations. The court must decide whether it has subject-matter jurisdiction. What factor is most important? Whether the alleged violations occurred in connection with U.S. business operations.
50%
A foreign technology company restructures its operations, moving its headquarters to a country that has a Bilateral Investment Treaty (BIT) with its target market. Six months later, the target market introduces a new data privacy law that negatively affects the company’s profits. The company files a claim under the BIT. What will the tribunal most likely examine? Whether the company moved its headquarters solely to benefit from the BIT protections.
50%
A foreign investor owns a large manufacturing plant in a country that recently passed a law requiring significant reductions in carbon emissions. The investor argues that this new law violates their investment rights under a bilateral investment treaty (BIT). The government defends the law as necessary for protecting the environment. If this dispute is brought before an international investment tribunal, what is the tribunal’s primary focus likely to be? Whether the law is a legitimate, reasonable, and non-discriminatory exercise of the state’s regulatory power.
50%
A German company and a French company enter into a contract, which includes an arbitration clause stating that any dispute “arising under or relating to” the contract shall be resolved by arbitration in London under LCIA rules. The German company later claims that the contract was void due to bribery and initiates court proceedings in Germany. Which case established that such a dispute would likely fall under the arbitration clause and be arbitrated? Fiona Trust & Holding Corporation v. Privalov
33%
A claimant in an arbitration case seeks punitive damages. Which factor is most likely to affect the tribunal’s decision? The arbitration seat’s laws on punitive damages.
33%
What was a significant reason why the claimants preferred to bring their case in the English courts rather than the Zambian courts in Vedanta Resources v Lungowe? The claimants feared that KCM might not have sufficient resources to satisfy a judgment in Zambia.
33%
A Spanish company that manufactures electronics wishes to sell its products in Italy. Under the Home State Regulation (Mutual Recognition) model, how should the company approach regulatory compliance in Italy? The company needs to follow only Spanish regulatory standards, as these will be recognized across Italy.
33%
TechCo, a software company based in Germany, sells its products worldwide, including to customers in the United States through its website. A California customer purchases software from TechCo, but the software causes significant damage to the customer’s computer. The customer sues TechCo in a California court. TechCo argues that it has no offices or employees in the U.S., and all sales are processed through its website hosted in Germany. Which factor is most likely to establish that the California court has jurisdiction over TechCo? The fact that TechCo made substantial sales to customers in California, which were purposefully directed at the U.S. market.
33%
Two companies, one from Japan and one from Germany, have agreed to arbitrate any disputes under the United Nations Commission on International Trade Law (UNCITRAL) Arbitration 6 Rules. However, they have not specified which arbitral institution will administer the proceedings. In this case, which of the following is the best course of action for the parties? The parties should choose an arbitral institution to administer the arbitration or conduct an ad hoc arbitration under the UNCITRAL Rules.
33%
What was the primary legal issue addressed in the appeal in the case of Vedanta Resources v Lungowe (2019)? Whether the English courts had jurisdiction to hear the claims.
33%
A French company challenges the enforcement of an arbitral award in a U.S. court, claiming the award was annulled in France. What key principle will the U.S. court likely consider? Whether the French annulment aligns with the New York Convention.
33%
A foreign investor’s property is damaged during civil unrest in Host Country X. The local laws of Country X provide no compensation for such damage. The investor claims that Host Country X has violated its obligations under international law. If the investor is arguing based on the “Minimum Standard of Treatment” in international investment law, what is the most likely basis of the claim? Host Country X must compensate the investor because international law requires a baseline standard of protection for foreign nationals and their property, regardless of local laws.
25%
A company based in Country A (an EU member) plans to provide construction services in Country B (also an EU member). The workers’ union in Country B demands that the company comply with higher local labor standards, including specific wage rates. The company argues that this requirement infringes on its freedom to provide services across borders. Based on the Laval case (C-341/05), what is the most likely outcome regarding the company’s obligation to comply with the local wage standards in Country B? The company is not required to comply with the local wage standards if they conflict with the terms agreed upon in Country A.
25%
An Australian company, Outback Foods, feels that the ISDS ruling that it received is inconsistent compared to rulings against other companies. They question the fairness of the process. What could be a reason for these inconsistencies? Arbitrators may interpret laws differently
0%
A British investment firm initiates arbitration against an Argentine company under the rules of the Bilateral Investment Treaty (BIT). The Argentine company argues that the firm should have first filed a lawsuit in Argentina’s local courts before initiating arbitration, as required by the BIT. Which case confirmed that arbitrators, not courts, can decide whether procedural preconditions (like a local litigation requirement) have been met? BG Group PLC v. Republic of Argentina
0%
Two multinational corporations agree to arbitrate disputes under the rules of the London Court of International Arbitration (LCIA). During a dispute, one party wants the arbitration to be heard by a national court instead, arguing that the arbitration clause does not cover the dispute. Which case confirmed that courts should interpret arbitration clauses broadly, assuming that all disputes arising from the relationship are intended to be covered by arbitration? Fiona Trust & Holding Corporation v. Privalov
0%
A beverage company from country F was operating in country G when civil unrest broke out. The government of country G took no steps to protect the company’s assets, which were destroyed in the violence. Under ISDS, what protection could the investor invoke? Full protection and security
0%
A supplier agrees to provide raw materials to a manufacturer at a fixed price over five years. Two years into the contract, unforeseen market disruptions lead to a dramatic rise in raw material costs, making it impossible for the supplier to continue supplying without incurring major financial losses. The supplier requests a renegotiation. What type of clause is the supplier likely invoking? Hardship clause
0%
A contract states: “If either party experiences a significant change in circumstances fundamentally altering the economic equilibrium of the Agreement, making performance excessively burdensome, the party may request renegotiation. If no agreement is reached, either party may terminate the Agreement.” What type of clause is this? Hardship clause
0%
An EU regulation is introduced to standardize food safety rules across all Member States. This approach exemplifies which regulatory model? Harmonization
0%
A Swiss corporation enters into a contract with a Brazilian firm for the supply of raw materials. The contract includes an arbitration clause, and the arbitration is seated in London. During arbitration, the Swiss firm argues that the proceedings should remain confidential, but the Brazilian firm disagrees. In what situation might confidentiality in arbitration not be automatically enforced? If the arbitration agreement is silent on confidentiality
0%
An international cosmetics brand sues a country under a BIT for implementing new environmental regulations that ban certain ingredients in its products. The country argues that the regulation is in the public interest. Under what circumstances would the country’s defense be valid? If the regulation is applied equally to all companies and not arbitrarily.
0%
A U.S. company contracts with a European marketing firm for a major advertising campaign. The contract includes a provision requiring the marketing firm to compensate the U.S. company for any legal claims, damages, or losses arising from the campaign, including intellectual property infringement claims. What type of clause is this? Indemnity clause
0%
An investor from country X has built a luxury resort in country Y. Recently, country Y passed a law that significantly reduced the value of the resort by restricting tourism activities in the area. The investor believes this amounts to an indirect expropriation. Which forum would likely be the best venue for the investor to seek compensation, provided both countries are signatories to the ICSID Convention? Institutional arbitration through ICSID
0%
A group of countries proposes creating a permanent international investment court to replace the current ISDS system. What is one key benefit of such a court? It would provide a consistent framework for dispute resolution.
0%
A construction company agrees to build a commercial complex by a specific deadline. The contract specifies that if the project is delayed, the construction company will pay the developer £5,000 per day for every day past the deadline until completion. At the time of contracting, both parties estimate that the profit the developer would lose due to the delay would range from £4,500 to £5,500 per day. What type of clause is this? Liquidated damages clause
0%
A contract specifies that the contractor will pay £2,500 per day for each day of delay in completing a project beyond the agreed completion date. The parties agree that this amount is a reasonable estimate of the losses the client will incur. What type of clause is this? Liquidated damages clause
0%
TechHire, an AI-powered recruitment platform, uses machine learning algorithms to screen job applicants. It has been reported that the AI system tends to favor male candidates over female candidates because the training data primarily consisted of male resumes. This raises concerns about potential discrimination. What should TechHire do to address the bias in its AI system while complying with data protection regulations? Retrain the AI model using more diverse datasets to reduce bias and ensure fairness in decision-making.
0%
A U.S. company enters into a contract with a Chinese supplier. The contract includes an arbitration clause stating that “all disputes arising from the agreement shall be resolved by arbitration in Singapore.” Later, the U.S. company alleges that the contract was fraudulently induced and wants to void both the contract and the arbitration clause. Which legal principle allows the arbitration clause to remain enforceable even if the main contract is challenged for fraud? Separability
0%
A U.S. technology company and an Indian supplier agree to resolve all disputes through ICC arbitration with Singapore as the seat. A year later, the U.S. company alleges breach of contract and seeks to initiate court proceedings in California, arguing that the arbitration clause is void due to a mistake in the contract. Under which principle would the arbitration agreement still be considered enforceable, even if the main contract is void? Separability
0%
How did the court in the Milieudefensie v. Royal Dutch Shell case view Royal Dutch Shell’s corporate responsibility in the context of climate change? Shell had a duty of care to reduce emissions globally, across all its activities and products.
0%
Atribunal issued an award under UNCITRAL rules. The award has been set aside in the country of the arbitral seat. What is the likelihood of it being enforced elsewhere? Some countries may still enforce it based on their local laws
0%
A company headquartered in a European country enters into a joint venture with a local firm in Asia. After a change in government, the local firm is nationalized without compensation. The foreign company files for arbitration under a BIT between the two countries. What is the most likely argument the company will use? That the nationalization constitutes an expropriation without compensation, violating the BIT.
0%
A U.S. company wins an arbitration award in Geneva against a French company. What is the most crucial factor for the award’s enforceability under the New York Convention? The award must meet procedural standards at the arbitral seat.
0%
A UK investor, Sarah, finds that her ISDS claim against an EU member state for revoking mining rights has been dismissed due to lack of evidence. What issue does this highlight about the ISDS process? The burden of proof is on the investor.
0%
What was one of the key arguments made by the appellants (Vedanta and KCM) regarding jurisdiction in Vedanta Resources v Lungowe? The case should be heard in Zambia as the primary jurisdiction because the environmental damage occurred there.
0%
A company based in Country X (a non-EU country) manufactures electronics and wishes to sell its products in EU Member State Y. According to the Host State Regulation model, how should the company approach regulatory compliance in EU Member State Y? The company must adhere to EU Member State Y’s regulations, as Host State Regulation requires compliance with the host country’s rules.
0%
A company based in Country A (an EU member) plans to provide construction services in Country B (also an EU member). The workers’ union in Country B demands that the company comply with higher local labor standards, including specific wage rates. The company argues that this requirement infringes on its freedom to provide services across borders. Based on the New Posted Workers Directive (2018/957), what is the most likely outcome regarding the company’s obligation to comply with the local wage standards in Country B? The company must comply with the local wage standards in Country B, as the directive requires adherence to the host country’s working conditions for posted workers.
0%
A state-owned enterprise from country J enters into an investment agreement with a multinational corporation from country P. The corporation sues the state-owned enterprise for breach of contract, but the state denies being bound by the arbitration clause. What might the corporation argue to establish the state’s responsibility for the arbitration? The country’s investment law serves as a standing offer to arbitrate
0%
A global pharmaceutical company initiates investor-state arbitration after a host country revokes its patent rights. The country argues that the revocation was necessary to protect public health and ensure access to affordable medicine. What principle must the tribunal balance in deciding the case? The country’s right to regulate in the public interest versus the investor’s right to intellectual property protection.
0%
In the Karaha Bodas case, Pertamina argued that enforcement of the arbitral award violated public policy. How did the U.S. court respond? The court narrowly interpreted the public policy exception and enforced the award.
0%
A French company enters into a sales contract with a Brazilian company, and they choose the International Chamber of Commerce (ICC) to administer any disputes arising under the contract. A dispute occurs, and the Brazilian company wishes to resolve it through litigation in Brazil instead of arbitration. The French company insists on arbitration. Which of the following best describes the role of the ICC in this scenario? The ICC will only administer the arbitration, but it cannot compel any party to participate if they refuse.
0%
In an arbitration case administered by the London Court of International Arbitration (LCIA), the parties are concerned about the impartiality of the appointed arbitrator. What process does the LCIA provide if the parties want to challenge the arbitrator’s appointment? The LCIA allows either party to challenge the arbitrator, and the LCIA Court decides whether to accept or reject the challenge.
0%
A British retailer signs a contract with a Dutch supplier for clothing deliveries. After three consecutive months of late deliveries, the retailer seeks to terminate the contract. The contract contains a clause allowing termination in the event of persistent delivery failures. What is the effect of this clause? The retailer may terminate the contract, in which case both parties are released from further obligations.
0%
OceanCorp, a U.S.-based e-commerce company, handles significant volumes of personal data from European customers. Following the Schrems II decision, the company can no longer rely on the Privacy Shield for transferring data between the U.S. and the EU. OceanCorp decides to use Standard Contractual Clauses (SCCs) instead, but its legal team is unsure whether the SCCs provide sufficient protection given U.S. government surveillance practices. What must OceanCorp ensure to comply with GDPR when using SCCs to transfer personal data from the EU to the U.S.? The SCCs must include specific guarantees for protecting personal data from government surveillance in line with EU standards, and additional measures may be necessary.
0%
A shipping company based in Country X (an EU member state) decides to relocate its operations to Country Y (another EU member state) to cut costs. The trade union in Country Y calls for a strike to pressure the company into maintaining local wage standards and working conditions. The company argues that this action interferes with its freedom of establishment and provision of services. What is the likely impact of the strike on the company’s freedom of establishment? The strike is prohibited if it restricts the company’s freedom of establishment and is not a proportional response.
0%
Two parties, one from Finland and the other from the U.S., agree to arbitrate their disputes under the UNCITRAL Arbitration Rules. However, they have not specified a seat of arbitration. Which of the following is the most likely outcome regarding the seat of arbitration? The tribunal will determine the seat of arbitration based on the circumstances of the case.
0%
SecureNet, a blockchain-based company, stores personal transaction data on a decentralized, immutable ledger. A customer from the EU requests that SecureNet delete their personal data in accordance with GDPR’s “Right to Be Forgotten.” However, due to the blockchain’s immutability, SecureNet cannot directly alter the recorded data. How can SecureNet address this request while remaining compliant with GDPR? Use off-chain storage for personal data and store only cryptographic hashes on the blockchain, ensuring compliance with GDPR.
0%
A tour operator signs a contract with a hotel chain to book rooms for a series of summer holiday packages. The contract stipulates a minimum number of reservations that the tour operator must fill, with penalties for shortfalls. However, a natural disaster strikes the destination city, severely reducing tourism. The tour operator cancels half of the bookings and argues that the contract’s purpose has been frustrated. Can the tour operator avoid the penalties under the contract? Yes, because the natural disaster fundamentally undermined the purpose of the contract.
0%
No matching quizzes found
Score Distribution
Percent of People with Each Score
Percentile by Number Answered
Your Score History
You have not taken this quiz since the last reset